<?xml version="1.0" encoding="UTF-8"?>
<marc:record xmlns:marc="http://www.loc.gov/MARC21/slim">
   <marc:leader>00000nam a2200000 a 4500</marc:leader>
   <marc:datafield ind1="1" ind2=" " tag="100">
      <marc:subfield code="a">Komarek, Alfred</marc:subfield>
      <marc:subfield code="4">aut</marc:subfield>
      <marc:subfield code="e">Verfasser/-in</marc:subfield>
   </marc:datafield>
   <marc:datafield ind1=" " ind2=" " tag="653">
      <marc:subfield code="a">Kriminalroman</marc:subfield>
   </marc:datafield>
   <marc:datafield ind1="0" ind2="0" tag="245">
      <marc:subfield code="a">Alt, aber Polt</marc:subfield>
   </marc:datafield>
   <marc:datafield ind1="0" ind2="0" tag="245">
      <marc:subfield code="b">Kriminalroman</marc:subfield>
   </marc:datafield>
   <marc:datafield ind1="0" ind2="0" tag="245">
      <marc:subfield code="c">Alfred Komarek</marc:subfield>
   </marc:datafield>
   <marc:datafield ind1=" " ind2="1" tag="264">
      <marc:subfield code="a">Innsbruck</marc:subfield>
      <marc:subfield code="b">Haymon Verlag</marc:subfield>
      <marc:subfield code="c">2015</marc:subfield>
   </marc:datafield>
   <marc:datafield ind1="1" ind2=" " tag="520">
      <marc:subfield code="a">Der ehemalige Gendarmerieinspektor Simon Polt ist zwar schon im Ruhestand, aber deswegen keineswegs aus der Welt. Aus seiner Weinviertler Kellergassen-Welt, um genau zu sein, denn Polt ist jetzt selber unter die Weinbauern gegangen. Jeden ersten Sonntag im Monat lädt er zum geselligen Beisammensein in sein Presshaus. Dort plaudert er mit seinen Altersgenossen aus dem Dorf über den Wein und das Leben, verkostet das ein oder andere Achterl und trauert der guten alten Zeit nach.&lt;br/&gt;Nach einem dieser Sonntagstreffen wird der nächtliche Heimweg durch die Kellergasse unvermutet zu einem Schauspiel, das Polt gleichermaßen fasziniert und bedrückt. Als er tags darauf vom schrecklichen Ausgang dieses Spiels erfährt, steht er vor einem Rätsel, dessen Lösung er sich eigentlich nicht mehr zutraut.&lt;br/&gt;Aber er will Klarheit, jetzt erst recht. Polt bleibt eben Polt, ist so sehr Polt wie noch nie! [Verlagstext]</marc:subfield>
   </marc:datafield>
   <marc:datafield ind1=" " ind2=" " tag="020">
      <marc:subfield code="a">9783709971772</marc:subfield>
      <marc:subfield code="9">9783709971772</marc:subfield>
   </marc:datafield>
   <marc:datafield ind1=" " ind2=" " tag="041">
      <marc:subfield code="a">ger</marc:subfield>
   </marc:datafield>
   <marc:datafield ind1=" " ind2=" " tag="300">
      <marc:subfield code="a">179 S.</marc:subfield>
   </marc:datafield>
</marc:record>
